South Eastern Kenya University

Library Online Public Access Catalogue


Gallery of best cover letters / (Record no. 8720)

MARC details
000 -LEADER
fixed length control field 00578cam a22002054a 4500
003 - CONTROL NUMBER IDENTIFIER
control field OSt
005 - DATE AND TIME OF LATEST TRANSACTION
control field 20150908094525.0
008 - FIXED-LENGTH DATA ELEMENTS--GENERAL INFORMATION
fixed length control field 040113s2004 inu b 001 0 eng
020 ## - INTERNATIONAL STANDARD BOOK NUMBER
International Standard Book Number 1563709902 (softcover)
040 ## - CATALOGING SOURCE
Original cataloging agency SEKU
050 00 - LIBRARY OF CONGRESS CALL NUMBER
Classification number HF 5383
Item number .N6 2004
100 1# - MAIN ENTRY--PERSONAL NAME
Personal name Noble, David F.
245 10 - TITLE STATEMENT
Title Gallery of best cover letters /
Statement of responsibility, etc. David F. Noble.
250 ## - EDITION STATEMENT
Edition statement 2nd ed.
260 ## - PUBLICATION, DISTRIBUTION, ETC. (IMPRINT)
Place of publication, distribution, etc. Indianapolis, IN :
Name of publisher, distributor, etc. JIST Works,
Date of publication, distribution, etc. c2004.
300 ## - PHYSICAL DESCRIPTION
Extent vi, 403 p. ;
Dimensions 28 cm.
504 ## - BIBLIOGRAPHY, ETC. NOTE
Bibliography, etc Includes bibliographical references and index.
650 #0 - SUBJECT ADDED ENTRY--TOPICAL TERM
Topical term or geographic name as entry element Cover letters.
942 ## - ADDED ENTRY ELEMENTS (KOHA)
Source of classification or shelving scheme Library of Congress Classification
Koha item type General circulation
Holdings
Withdrawn status Lost status Source of classification or shelving scheme Damaged status Not for loan Home library Current library Shelving location Date acquired Source of acquisition Total Checkouts Full call number Barcode Date last seen Price effective from Koha item type Public note
    Library of Congress Classification     Wote Campus Library Wote Campus Library General Stacks 08/09/2015 Donation - Books for Africa   HF 5383 .N6 2004 2015/007714 08/09/2015 08/09/2015 General circulation JTH
Kitui, Kenya.
+254736116989
library@seku.ac.ke